[Event "VI Open Internacional Memorial Pedro Lez"]
[Site "Ateneo Municipal de Vecindario"]
[Date "2013.03.29"]
[Round "7"]
[White "Suarez Ramirez, Jonay"]
[Black "Diaz Suarez, Cayetano"]
[Result "0-1"]
[WhiteElo "1600"]
[BlackElo "1848"]
[PlyCount "108"]
[EventDate "2013.03.25"]
[EventRounds "9"]
[EventCountry "ESP"]

1. d4 Nf6 2. c4 g6 3. Nc3 Bg7 4. e4 O-O 5. e5 Ne8 6. Nf3 d6 7. Bg5 h6 8. Bf4
Nc6 9. Qd2 dxe5 10. dxe5 Qxd2+ 11. Bxd2 Bg4 12. Be2 Bxf3 13. Bxf3 Nxe5 14. Bxb7
Rb8 15. Bd5 e6 16. f4 Nd3+ 17. Ke2 exd5 18. Kxd3 dxc4+ 19. Kc2 Nd6 20. Rab1 c6
21. g4 Nb5 22. Ne2 c5 23. Nc3 Nd4+ 24. Kc1 Rfd8 25. Rf1 Rb7 26. f5 gxf5 27.
gxf5 Be5 28. Bxh6 f6 29. Rf2 Rh7 30. Be3 Rxh2 31. Rxh2 Bxh2 32. Ne4 Be5 33.
Nxc5 Nxf5 34. Bf2 Bf4+ 35. Kc2 Rd2+ 36. Kc3 Rxf2 37. Ne4 Be5+ 38. Kxc4 Nd6+ 39.
Nxd6 Bxd6 40. a3 Be5 41. b4 Kf7 42. Kb5 Rc2 43. Rh1 Ke6 44. Rh7 Rc7 45. Rh8 f5
46. Re8+ Kd5 47. Ka6 f4 48. b5 f3 49. Rf8 Ke4 50. a4 Rd7 51. a5 Bd4 52. b6 axb6
53. axb6 Rd6 54. Rb8 Rxb6+ 0-1

[Event "VI Open Internacional Memorial Pedro Lez"]
[Site "Ateneo Municipal de Vecindario"]
[Date "2013.03.29"]
[Round "7"]
[White "Aguilera Suarez, Antonio"]
[Black "Biscarri Candalia, Oscar"]
[Result "1-0"]
[WhiteElo "1842"]
[BlackElo "1537"]
[PlyCount "70"]
[EventDate "2013.03.25"]
[EventRounds "9"]
[EventCountry "ESP"]

1. e4 c5 2. Nf3 d6 3. d4 cxd4 4. Qxd4 Nc6 5. Bb5 e6 6. Nc3 Bd7 7. Qd3 a6 8. Ba4
Be7 9. O-O Nf6 10. Bg5 h6 11. Bh4 b5 12. Bb3 O-O 13. Rad1 Na5 14. Rfe1 Nxb3 15.
axb3 Ne8 16. Bg3 Bc6 17. Nd4 Qd7 18. Nxc6 Qxc6 19. Ne2 e5 20. Nc3 Nf6 21. b4
Rfd8 22. f3 Rd7 23. Rd2 Rad8 24. Nd5 Nxd5 25. Qxd5 Qxd5 26. Rxd5 f6 27. Ra1 Ra8
28. Rxb5 Rda7 29. Rd5 Kf7 30. Bf2 Rc7 31. c3 Ke6 32. g4 Rc6 33. h4 Bd8 34. h5
Bb6 35. Bxb6 Rxb6 {Ilegible} 1-0

[Event "VI Open Internacional Memorial Pedro Lez"]
[Site "Ateneo Municipal de Vecindario"]
[Date "2013.03.29"]
[Round "7"]
[White "Sanabria Taskila, Jenny Maria"]
[Black "Padilla Socorro, Jesus"]
[Result "0-1"]
[WhiteElo "1270"]
[BlackElo "1753"]
[PlyCount "88"]
[EventDate "2013.03.25"]
[EventRounds "9"]
[EventCountry "ESP"]

1. e4 e5 2. Nf3 Nc6 3. Bb5 d6 4. O-O Nf6 5. d3 Bg4 6. Bg5 Be7 7. Nbd2 O-O 8.
Re1 Nd7 9. Bxe7 Qxe7 10. c3 f5 11. Bc4+ Kh8 12. h3 fxe4 13. dxe4 Bh5 14. Qc2
Nc5 15. Nf1 Bxf3 16. gxf3 Rxf3 17. Re3 Qg5+ 18. Kh1 Raf8 19. Rxf3 Rxf3 20. Nh2
Rxh3 21. Rg1 Qh4 22. Rg2 Qxe4 23. Qxe4 Nxe4 24. Be6 Rh6 25. Bf5 Nd2 26. f4 Nf3
27. Be4 Rxh2+ 28. Rxh2 Nxh2 29. Kxh2 exf4 30. Kh3 g5 31. Kg4 h6 32. Kh5 Kg7 33.
Bf5 Ne5 34. Be4 f3 35. Bxb7 f2 36. Bg2 c5 37. b4 cxb4 38. cxb4 d5 39. a4 d4 40.
a5 d3 41. b5 d2 42. Bf3 f1=Q 43. Bg4 Qh1+ 44. Bh3 Qxh3# 0-1

[Event "VI Open Internacional Memorial Pedro Lez"]
[Site "Ateneo Municipal de Vecindario"]
[Date "2013.03.29"]
[Round "7"]
[White "Gonzalez Ortega, Pino"]
[Black "Rodriguez Manzaneda, Irene"]
[Result "0-1"]
[WhiteElo "1344"]
[BlackElo "1720"]
[PlyCount "62"]
[EventDate "2013.03.25"]
[EventRounds "9"]
[EventCountry "ESP"]

1. d4 d5 2. c4 e6 3. Nc3 Nf6 4. Bg5 Be7 5. e3 O-O 6. Nf3 Nbd7 7. Bd3 dxc4 8.
Bxc4 a6 9. Rc1 b5 10. Bd3 Bb7 11. O-O c5 12. Qe2 Rc8 13. Bb1 g6 14. dxc5 Nxc5
15. Rfd1 Qa5 16. a3 Nb3 17. Rc2 b4 18. axb4 Qxb4 19. Nd4 Na5 20. e4 Rfd8 21.
Nf3 Nc4 22. Rxd8+ Rxd8 23. Na2 Qb3 24. Nc1 Qa4 25. b3 Qa1 26. Rxc4 Qxb1 27. e5
Nd5 28. Bxe7 Nxe7 29. Rc7 Bc6 30. Ne1 Qxc1 31. Rxe7 Rd1 0-1

[Event "VI Open Internacional Memorial Pedro Lez"]
[Site "Ateneo Municipal de Vecindario"]
[Date "2013.03.29"]
[Round "7"]
[White "Diaz Hernandez, Francisco Javi"]
[Black "Santana Rodriguez, Jose Raul"]
[Result "1/2-1/2"]
[WhiteElo "1534"]
[BlackElo "1693"]
[PlyCount "42"]
[EventDate "2013.03.25"]
[EventRounds "9"]
[EventCountry "ESP"]

1. g3 c6 2. c4 d5 3. cxd5 cxd5 4. d4 Nf6 5. Nf3 Bf5 6. Nc3 e6 7. Bg5 Nbd7 8.
Qa4 Be7 9. Ne5 O-O 10. Nxd7 Nxd7 11. Bxe7 Qxe7 12. Bg2 Nb6 13. Qb5 Nc4 14. O-O
a6 15. Nxd5 exd5 16. Qxd5 Be6 17. Qxb7 Qxb7 18. Bxb7 Rab8 19. Bxa6 Rxb2 20.
Rfe1 Ra8 21. Bxc4 Bxc4 1/2-1/2

[Event "VI Open Internacional Memorial Pedro Lez"]
[Site "Ateneo Municipal de Vecindario"]
[Date "2013.03.29"]
[Round "7"]
[White "Lin Ying, Rui"]
[Black "Amador Garcia, Ismael"]
[Result "0-1"]
[WhiteElo "1431"]
[BlackElo "1418"]
[PlyCount "68"]
[EventDate "2013.03.25"]
[EventRounds "9"]
[EventCountry "ESP"]

1. e4 c5 2. f4 Nc6 3. Nf3 g6 4. d4 cxd4 5. Nxd4 Bg7 6. Be3 Nf6 7. Nc3 d6 8. Qd2
Ng4 9. Nxc6 bxc6 10. Bd4 e5 11. fxe5 dxe5 12. Be3 Nxe3 13. Qxe3 Qb6 14. Qxb6
axb6 15. O-O-O O-O 16. Rd6 Bb7 17. Be2 Rad8 18. Rhd1 Rc8 19. Rd7 Ba8 20. Ba6
Rb8 21. Re7 b5 22. Rdd7 Bf6 23. Bb7 Bxe7 24. Bxa8 Bg5+ 25. Kb1 Rxa8 26. b3 Rfd8
27. Rc7 Rac8 28. Rb7 Bd2 29. Ne2 Bb4 30. c4 Rd2 31. Ng3 Rcd8 32. Nf1 Rd1+ 33.
Kc2 Rxf1 34. a3 Rd2# 0-1

[Event "VI Open Internacional Memorial Pedro Lez"]
[Site "Ateneo Municipal de Vecindario"]
[Date "2013.03.29"]
[Round "7"]
[White "Haarkotter Martin, Michael"]
[Black "Quevedo Sarmiento, Jacinto"]
[Result "0-1"]
[WhiteElo "1396"]
[BlackElo "1532"]
[PlyCount "64"]
[EventDate "2013.03.25"]
[EventRounds "9"]
[EventCountry "ESP"]

1. e4 c5 2. Nf3 Nc6 3. Bb5 a6 4. Bxc6 dxc6 5. d3 g6 6. Nbd2 Bg7 7. O-O Nf6 8.
Re1 O-O 9. Nf1 Qb6 10. c3 Rd8 11. Qe2 Bg4 12. Ng3 Nd7 13. h3 Bxf3 14. Qxf3 Ne5
15. Qe3 Rxd3 16. Qe2 Rad8 17. Be3 Nc4 18. Rad1 Rxd1 19. Rxd1 Rxd1+ 20. Qxd1
Nxe3 21. fxe3 e6 22. Qd2 Be5 23. Ne2 c4 24. Nd4 Bb8 25. Qf2 Qc7 26. Nf3 Ba7 27.
Kf1 Qd6 28. Nd4 e5 29. Nf3 Qd3+ 30. Qe2 Qxe4 31. Ng5 Qf5+ 32. Nf3 e4 0-1

[Event "VI Open Internacional Memorial Pedro Lez"]
[Site "Ateneo Municipal de Vecindario"]
[Date "2013.03.29"]
[Round "7"]
[White "Gutierrez Garcia, Inmaculada"]
[Black "Roque Hernandez, Francisco"]
[Result "1/2-1/2"]
[WhiteElo "1352"]
[BlackElo "1531"]
[PlyCount "66"]
[EventDate "2013.03.25"]
[EventRounds "9"]
[EventCountry "ESP"]

1. e4 d5 2. e5 d4 3. Nf3 c5 4. Bc4 Nc6 5. O-O Bg4 6. h3 Bh5 7. d3 Nxe5 8. g4
Nxg4 9. Qd2 N4f6 10. Ne5 Bg6 11. Bb5+ Nd7 12. Nxd7 e6 13. Nb6+ Ke7 14. Qg5+ f6
15. Qxc5+ Kf7 16. Qc4 Qxb6 17. Re1 Ne7 18. Qxe6+ Qxe6 19. Rxe6 Kxe6 20. Bf4 Nd5
21. Bd2 Bd6 22. c3 dxc3 23. Nxc3 Nxc3 24. bxc3 a6 25. Re1+ Kf7 26. Bc4+ Kf8 27.
Re6 Rd8 28. d4 Bf7 29. Re4 Bxc4 30. d5 Bxd5 31. Rd4 Bc5 32. Rg4 Bf3 33. Rf4 Bc6
1/2-1/2

[Event "VI Open Internacional Memorial Pedro Lez"]
[Site "Ateneo Municipal de Vecindario"]
[Date "2013.03.29"]
[Round "7"]
[White "Morales Sanchez, Domingo"]
[Black "Diaz Martin, Carolina"]
[Result "1-0"]
[WhiteElo "1471"]
[BlackElo "1393"]
[PlyCount "71"]
[EventDate "2013.03.25"]
[EventRounds "9"]
[EventCountry "ESP"]

1. c4 e5 2. Nc3 Nf6 3. d3 Nc6 4. g3 Bb4 5. Bd2 d6 6. Bg2 O-O 7. Nf3 Be6 8. a3
Bc5 9. O-O h6 10. Rb1 a5 11. Qc2 Rb8 12. e3 Qd7 13. Nb5 Bf5 14. Nh4 Na7 15.
Nxa7 Bxa7 16. Bxa5 Bg6 17. Nxg6 fxg6 18. Bc3 c6 19. Qe2 Rbe8 20. b4 Re7 21. b5
cxb5 22. cxb5 Bc5 23. a4 Qc7 24. Qb2 Bb6 25. Rbc1 Qd8 26. Ra1 Ba5 27. Qd2 b6
28. Bxa5 bxa5 29. Rac1 Rc7 30. Rc6 Rff7 31. Qxa5 Qd7 32. Qb4 d5 33. Rfc1 Qc8
34. Qa5 Ne8 35. Bxd5 Rxc6 36. Rxc6 1-0

[Event "VI Open Internacional Memorial Pedro Lez"]
[Site "Ateneo Municipal de Vecindario"]
[Date "2013.03.29"]
[Round "7"]
[White "Diaz Martin, Cristina"]
[Black "Garcia Cruz, Jose Manuel"]
[Result "1-0"]
[WhiteElo "1471"]
[BlackElo "1368"]
[PlyCount "49"]
[EventDate "2013.03.25"]
[EventRounds "9"]
[EventCountry "ESP"]

1. e4 e6 2. d4 d5 3. Nd2 c5 4. exd5 exd5 5. Ngf3 a6 6. Be2 Nf6 7. dxc5 Bxc5 8.
Nb3 Ba7 9. O-O O-O 10. Bg5 Re8 11. Re1 Bxf2+ 12. Kxf2 Ne4+ 13. Kg1 Nxg5 14.
Nxg5 Qxg5 15. Bf3 Rxe1+ 16. Qxe1 Qd8 17. Rd1 Qb6+ 18. Kh1 Be6 19. Bxd5 Nd7 20.
Bxe6 Re8 21. Rxd7 Rxe6 22. Qf2 f6 23. Qxb6 Re1+ 24. Qg1 Rxg1+ 25. Kxg1 1-0

[Event "VI Open Internacional Memorial Pedro Lez"]
[Site "Ateneo Municipal de Vecindario"]
[Date "2013.03.29"]
[Round "7"]
[White "Garcia Lorenzo, Jaime"]
[Black "Monteiro Rodrigues, Carlos"]
[Result "1/2-1/2"]
[WhiteElo "1265"]
[BlackElo "1570"]
[PlyCount "29"]
[EventDate "2013.03.25"]
[EventRounds "9"]
[EventCountry "ESP"]

1. e4 e5 2. Nf3 Nc6 3. Bc4 Nf6 4. Ng5 d5 5. exd5 Na5 6. Bb5+ c6 7. dxc6 bxc6 8.
Qf3 cxb5 9. Qxa8 Nd5 10. Qxa7 Qxg5 11. O-O Nf4 12. g3 Ne2+ 13. Kg2 Nf4+ 14. Kg1
Ne2+ 15. Kg2 1/2-1/2